000 00721nam a2200193Ii 4500
003 JO-AjNU
008 230605s9999||||xx |||||||||||||| ||und||
040 _aJO-AjNU
_bara
_erda
_cJO-AjNU
041 _aara
050 1 4 _aBP135.S52 1993
100 3 _aتاليف الشيخ، عز الدين حسين,
_eauthor
_935314
245 0 0 _aمختصر الناسخ والمنسوخ في حديث رسول الله صلى الله عليه وسلم
264 3 1 _aبيروت: دار الكتب العلمية، 1993
300 _a72ص
336 _atext
_btxt
_2rdacontent
337 _aunmediated
_bn
_2rdamedia
338 _avolume
_bnc
_2rdacarrier
650 4 _aالناسخ والمنسوخ - القران الكريم
_935315
999 _aA14567
_c18135
_d18135